Type the South American countries - Statistics

General Stats
  • This quiz has been taken 341 times
  • The average score is 10 of 12
Answers on the Map
Answers color-coded by a green-red scale on the quiz's map according to % correct below.
 
Answer Stats
Answer % Correct
Brazil
98%
Argentina
91%
Chile
86%
Uruguay
86%
Peru
85%
Bolivia
82%
Paraguay
82%
Venezuela
80%
Colombia
76%
Ecuador
73%
Suriname
65%
Guyana
61%
No matching quizzes found
Score Distribution
Percent of People with Each Score
Percentile by Number Answered
Your Score History
You have not taken this quiz